000 01947nam a22002777i 4500
999 _c175210
_d175210
005 20191204154120.0
008 191204t20082008nyu||||e |||| 00| f eng d
020 _a9781439137697
_cRM39.90
_qpaperback
040 _aPPAK
_beng
_cPPAK
_erda
082 0 4 _223
_a813.6
090 0 0 _a813.6
_bADI
_dG
100 1 _aAdiga, Aravind,
_eauthor.
245 1 4 _aTHE WHITE TIGER :
_bA NOVEL /
_cARAVIND ADIGA
250 _aFirst Free Press paperback edition
264 1 _aNew York, NY :
_bFree Press, A Division of Simon & Schuster, Inc.,
_c2008
264 4 _c©2008
300 _a288 pages ;
_c17 cm
336 _2rdacontent
_atext
337 _2rdamedia
_aunmediated
338 _2rdacarrier
_avolume
520 _aA stunning literary debut critics have likened to Richard Wright's Native Son, The White Tiger follows a darkly comic Bangalore driver through the poverty and corruption of modern India's caste society. "This is the authentic voice of the Third World, like you've never heard it before" (John Burdett, Bangkok 8).The white tiger of this novel is Balram Halwai, a poor Indian villager whose great ambition leads him to the zenith of Indian business culture, the world of the Bangalore entrepreneur. On the occasion of the president of China's impending trip to Bangalore, Balram writes a letter to him describing his transformation and his experience as driver and servant to a wealthy Indian family, which he thinks exemplifies the contradictions and complications of Indian society. Recalling The Death of Vishnu and Bangkok 8 in ambition, scope, The White Tiger is narrative genius with a mischief and personality all its own. Amoral, irreverent, deeply endearing, and utterly contemporary, this novel is an international publishing sensation—and a startling, provocative debut.
650 1 0 _aAmerican fiction
650 2 0 _aChauffeurs
_zIndia
_zBangalore
_vFiction
650 2 0 _aPoor
_zIndia
_zBangalore
_vFiction
942 _2ddc
_cB